00448nam a2200181Ia 4500008004100000020001800041050001400059100003100073245003400104245003400138260001500172260001600187260000900203300001600212300002000228300001000248500000800258170918s9999 xx 000 0 und d a9780545075473 bS399 2006 aSchwartz, Virginia Frances a4 kids in 5E & 1 crazy year / cby Virginia Frances Schwartz. aNew York : bScholastic, c2006 a265 pages : billustrations ; c19cm. a610